000 00319nam a2200085Ia 4500
245 0 _aSpace planning guidelines for campus recreational sport facilities
100 _a National Intramural-Recreational Sports Association (U.S.). Champaign,, 2009
_9100827
942 _cBK
008 210818s9999 xx 000 0 und d
999 _c434232
_d434231